Pays en fonction de leur domaine Internet - Statistiques

Statistiques générales
  • Ce quiz a été pris 133 fois
  • Le résultat moyen est 11 sur 25
Statistiques - réponses
Domaine Réponse % Correct
.fr France
100%
.ca Canada
98%
.be Belgique
97%
.fi Finlande
96%
.de Allemagne
93%
.cz Tchéquie
92%
.is Islande
81%
.sk Slovaquie
65%
.ee Estonie
63%
.tv Tuvalu
52%
.dz Algérie
50%
.ph Philippines
49%
.hr Croatie
38%
.ug Ouganda
34%
.np Népal
30%
.li Liechtenstein
25%
.sz Eswatini
19%
.za Afrique du Sud
18%
.mt Malte
16%
.kp Corée du Nord
13%
.gq Guinée Equatoriale
8%
.ws Samoa
4%
.vc Saint-Vincent-et-les-Grenadines
3%
.sb Salomon
3%
.tp Timor Oriental
2%
Aucun quiz correspondant
Distribution des résultats
% des personnes avec chaque résultat
Percentile par nombre de réponses
Votre historique - résultats
Vous n’avez pas pris ce quiz